Využitie kreatívneho potenciálu ako predpokladu konkurencieschopnosti spoločnosti T-Mobile Slovensko, a.s. diplomová práca

Gespeichert in:
Bibliographische Detailangaben
1. Verfasser: Kekeňáková, Tamara
Körperschaft: Fakulta podnikového manažmentu EU. Katedra manažmentu
Weitere Verfasser: Suntingerová, Ľudmila
Format: Buch
Sprache:Slowakisch
Veröffentlicht: Bratislava 2010
Tags: Tag hinzufügen
Keine Tags, Fügen Sie das erste Tag hinzu!

MARC

LEADER 00000nam a2200000 4500
001 0119761
005 20240318123840.7
041 0 |a slo 
044 |a SK 
245 1 0 |a Využitie kreatívneho potenciálu ako predpokladu konkurencieschopnosti spoločnosti T-Mobile Slovensko, a.s.  |b diplomová práca  |c Tamara Kekeňáková ; škol. Ľudmila Suntingerová 
264 1 |a Bratislava  |c 2010 
300 |a 85 s. 
100 1 |a Kekeňáková, Tamara 
700 1 |a Suntingerová, Ľudmila 
710 2 |a Fakulta podnikového manažmentu EU. Katedra manažmentu